|
|
|
|
| LEADER |
00000nam0a2200000 4500 |
| 001 |
131256 |
| 005 |
20240116162008.0 |
| 010 |
|
|
|a 5982981044
|
| 035 |
|
|
|a (RuTPU)RU\TPU\book\142172
|
| 090 |
|
|
|a 131256
|
| 100 |
|
|
|a 20080215d2007 m y0rusy50 ca
|
| 101 |
0 |
|
|a rus
|
| 102 |
|
|
|a RU
|
| 105 |
|
|
|a a j 001zy
|
| 200 |
1 |
|
|a Кредитование
|e учебное пособие для вузов
|f И. Е. Никулина
|g Томский политехнический университет (ТПУ)
|
| 210 |
|
|
|a Томск
|c Изд-во ТПУ
|d 2007
|
| 215 |
|
|
|a 155 с.
|c ил.
|
| 225 |
1 |
|
|a Учебники Томского политехнического университета
|
| 320 |
|
|
|a Библиогр.: с. 146-147.
|
| 330 |
|
|
|a Учебное пособие включает несколько тем, посвященных раскрытию вопросов кредитования на современном этапе развития банковского дела. В пособии рассматриваются кредитные операции коммерческих банков, уделено внимание особенностям различных видов кредитования и методам оценки кредитоспособности, применяемым в мировой банковской практике. Работа также включает в себя описание организации кредитного процесса и рекомендации, связанные с его улучшением. Подготовлено на кафедре менеджмента Томского политехнического университета и предназначено для студентов всех форм обучения по всем экономическим специальностям.
|
| 606 |
|
|
|a Кредитование
|2 stltpush
|3 (RuTPU)RU\TPU\subj\36332
|9 57752
|
| 610 |
1 |
|
|a экономика
|
| 610 |
1 |
|
|a финансы
|
| 610 |
1 |
|
|a кредиты
|
| 610 |
1 |
|
|a кредитная система
|
| 610 |
1 |
|
|a ссудный процент
|
| 610 |
1 |
|
|a кредитные риски
|
| 610 |
1 |
|
|a кредитоспособность
|
| 610 |
1 |
|
|a возвратность
|
| 610 |
1 |
|
|a банковские ссуды
|
| 610 |
1 |
|
|a кредитный процесс
|
| 610 |
1 |
|
|a управление
|
| 610 |
1 |
|
|a кредитные операции
|
| 610 |
1 |
|
|a учебные пособия
|
| 686 |
|
|
|a У9(2)262.2я73
|2 rubbk
|
| 700 |
|
1 |
|a Никулина
|b И. Е.
|c экономист
|c профессор Томского политехнического университета, доктор экономических наук
|f 1958-
|g Ирина Евгеньевна
|9 12386
|
| 712 |
0 |
2 |
|a Томский политехнический университет (ТПУ)
|3 (RuTPU)RU\TPU\col\376
|
| 801 |
|
1 |
|a RU
|b 63413507
|c 20080215
|g PSBO
|
| 801 |
|
2 |
|a RU
|b 63413507
|c 20220422
|g PSBO
|
| 942 |
|
|
|c BK
|